000 00606nam a2200229Ia 4500
003 OSt
005 20220928105317.0
006 a|||||r|||| 00| 0
007 ta
008 220927b |||||||| |||| 00| 0 eng d
024 _a31837
037 _cTextual
040 _aSDCL
_cSDCL
_beng
041 _2eng
_aeng
082 _aO152vN7, K9
100 _aPandey Ramkhelavan
_9414714
245 0 _aHindi sahitya ka naya itihas.
260 _aPatna
_bAnupam Publishers
_c1969
300 _a346p.
_ccm.
942 _hO152vN7, K9
_cTEXL
_2CC
999 _c730553
_d730553